00984nam a22002657a 4500003000700000005001700007008004100024040003300065041000800098050001900106100001900125110004200144245017600186260006000362300001400422336002800436337003000464338002700494500008100521504002400602650004800626650001000674700001700684700001700701CBULib20240813074152.0230817b |||||||| |||| 00| 0 eng d acbulIBbEnglishcCBULiberda aeng aBRE(05)CP/4/741 aButcher, E. G. aBuilding Research Establishment (BRE) aBuilding research establishment current paper : smoke tests in the pressurized stairs and lobbies of a 26-storey office buildingc/ by Building Research Establishment(BRE) aBorehamwood : bBuilding Research Establishmentc[1971] a[5 pages] 2rdacontentaText |btxt 2rdamediaaUnmediated |bn 2rdacarrieraVolumebnc aReprinted from: Building Services Engineer, vol 39, December 1971, pp206-210 aIncludes reference  0aOFFICE BUILDINGS--FIRES AND FIRE PREVENTION 0aSMOKE aCottle, T.H. aBailey, T.A.